| 000 | 00685cam a22002411 4500 | ||
|---|---|---|---|
| 001 | sa 68020047 | ||
| 003 | DLC | ||
| 005 | 20260227112721.0 | ||
| 008 | 900305s1966 ii 000 0 brao | ||
| 010 | _asa 68020047 | ||
| 035 | _a(OCoLC)21173901 | ||
| 040 |
_aDLC _cWaU _dDLC |
||
| 041 | 0 | _abrahin | |
| 042 | _apremarc | ||
| 050 | 0 | 0 |
_aPK1967.6 _b.K3 |
| 100 | 1 | _aKaviyā, Śaktidāna. | |
| 245 | 1 | 0 | _aKāvya-kusuma. |
| 260 | _c[1966 or 7] | ||
| 300 |
_a[4], 2, 23, 111 p. _c19 cm. |
||
| 500 | _aIn Braj; introductory matter and commentary in Hindi. | ||
| 500 | _aIncludes biographical sketches of the Rajasthani poets whose works are represented. | ||
| 650 | 0 | _aBraj poetry. | |
| 999 |
_c89223 _d89223 |
||